000 01002nas a2200325 i 4500
001 2837
003 ES-MaACL
005 20250803062532.0
007 t|
008 010312c1927 xxkq| | 0 ||ng d
022 _a0013-0117
080 _a(410)
080 _a33
080 _a93/99
245 0 4 _aThe Economic history review
_b: a journal of economic and social history /
_cThe Economic History Society.
260 _aOxford :
_bBasil Blackwell,
_c1927-
300 _a10 v. ;
_c26 cm.
310 _aTrimestral
362 0 _a1927-
650 1 7 _aEconomía
_2embne
_912006
650 1 7 _aHistoria
_2embne
_9179933
655 7 _2tgfbne
_9226866
_aRevistas
710 2 _aEconomic History Society.
_93418
852 _aES-MaACL
_jHEM-H-101
_dOlim: Hem-1993
_cHEM
_92939
856 _uhttps://dialnet.unirioja.es/servlet/revista?codigo=447
_ySumarios de la revista en Dialnet
866 0 _o1996-2005.
942 _2udc
_cPERIODICA
999 _c2837
_d2837